[Event "Stare Mesto op"]
[Site "Stare Mesto"]
[Date "2022.08.14"]
[Round "3"]
[White "Kovarik, David"]
[Black "Vaculik, Martin1"]
[Result "1/2-1/2"]
[WhiteElo "1741"]
[BlackElo "1986"]
[PlyCount "35"]
[EventDate "2022.08.12"]
[EventType "swiss"]
[EventRounds "9"]
[EventCountry "CZE"]
[SourceTitle "CBM 209 Extra"]
[Source "ChessBase"]
[SourceDate "2022.09.30"]
[SourceVersion "1"]
[SourceVersionDate "2022.09.30"]
[SourceQuality "1"]

1. e4 c5 2. Nf3 d6 3. d4 cxd4 4. Nxd4 Nf6 5. Nc3 a6 6. Bg5 e6 7. f4 Qb6 8. Qd2 Qxb2 9. Rb1 Qa3 10. Bc4 Qc5 11. Bb3 Be7 12. Nf3 Nbd7 13. f5 exf5 14. Be3 Qc7 15. exf5 0-0 16. 0-0 Ne5 17. Nd5 Nxd5 18. Bxd5 1/2-1/2

[Event "CZE-chT2E 2122"]
[Site "Czech Republic"]
[Date "2021.11.21"]
[Round "3.8"]
[White "Kovarik, David"]
[Black "Balsinek, Pavel"]
[Result "1/2-1/2"]
[WhiteElo "1725"]
[BlackElo "1990"]
[PlyCount "35"]
[EventDate "2021.10.17"]
[EventType "team-tourn"]
[EventRounds "11"]
[EventCountry "CZE"]
[SourceTitle "EXT 2024"]
[Source "ChessBase"]
[SourceDate "2023.10.10"]
[SourceVersion "1"]
[SourceVersionDate "2023.10.10"]
[SourceQuality "1"]
[WhiteTeam "Stare Mesto II"]
[BlackTeam "Prusanky Podluzan"]
[WhiteTeamCountry "CZE"]
[BlackTeamCountry "CZE"]

1. e4 e5 2. Nf3 Nc6 3. Bc4 Bc5 4. c3 Nf6 5. d4 exd4 6. cxd4 Bb4+ 7. Bd2 Bxd2+ 8. Nbxd2 d5 9. exd5 Nxd5 10. Qb3 Nce7 11. 0-0 0-0 12. Rfe1 c6 13. Ne4 Qb6 14. Nd6 Qxb3 15. Bxb3 Rd8 16. Rxe7 Nxe7 17. Nxf7 Rf8 18. Nh6+ 1/2-1/2

[Event "CZE-chT2E 1819"]
[Site "Czech Republic"]
[Date "2019.03.31"]
[Round "11.7"]
[White "Kubicek, Antonin"]
[Black "Kovarik, David"]
[Result "1-0"]
[WhiteElo "2136"]
[BlackElo "1734"]
[PlyCount "53"]
[EventDate "2018.10.14"]
[EventType "team-tourn"]
[EventRounds "11"]
[EventCountry "CZE"]
[SourceTitle "EXT 2022"]
[Source "ChessBase"]
[SourceDate "2021.10.06"]
[SourceVersion "1"]
[SourceVersionDate "2021.10.06"]
[SourceQuality "1"]
[WhiteTeam "Velke Losiny"]
[BlackTeam "Kunovice"]
[WhiteTeamCountry "CZE"]
[BlackTeamCountry "CZE"]

1. c4 e6 2. g3 d5 3. Bg2 Nf6 4. Nf3 Nbd7 5. b3 Be7 6. 0-0 0-0 7. Bb2 c5 8. cxd5 Nxd5 9. d4 cxd4 10. Nxd4 Nc5 11. Nc3 Nxc3 12. Bxc3 Bd7 13. Qc2 Rc8 14. Qb2 Bf6 15. Rfd1 Qb6 16. Rac1 Rfe8 17. Qb1 e5 18. Nf5 Bxf5 19. Qxf5 g6 20. Qf3 Red8 21. Ba1 Bg7 22. Qe3 e4 23. Rxd8+ Qxd8 24. Bxg7 Nxb3 25. Rxc8 Qxc8 26. Bb2 Nc5 27. Qd4 1-0